000 004570000a22001570004500
003 MACL
005 20180320154215.0
008 180320b xxu||||| |||| 00| 0 eng d
040 _cMACL
100 _aरंगनाथ तिवारी
_971466
245 _aदेवगिरि बिलावल
260 _bराधा कृष्‍ण
_c1995
350 _a250
650 _aउपन्‍यास
_971467
942 _cHIN
_k891.433/TIW/N
_2ddc
999 _c21583
_d21583